Hotel, Hostel and Hospital Housekeeping (Record no. 153603)

MARC details
000 -LEADER
fixed length control field 00573nam a22001937a 4500
003 - CONTROL NUMBER IDENTIFIER
control field dpl
005 - DATE AND TIME OF LATEST TRANSACTION
control field 20180707175038.0
008 - FIXED-LENGTH DATA ELEMENTS--GENERAL INFORMATION
fixed length control field 180707b xxu||||| |||| 00| 0 eng d
020 ## - INTERNATIONAL STANDARD BOOK NUMBER
International Standard Book Number 9780340525180
Terms of availability 0.00
035 ## - SYSTEM CONTROL NUMBER
System control number B-079305
040 ## - CATALOGING SOURCE
Original cataloging agency DPL
Language of cataloging EN
Transcribing agency 0
082 ## - DEWEY DECIMAL CLASSIFICATION NUMBER
Classification number 647.94
Item number BRA
100 ## - MAIN ENTRY--PERSONAL NAME
Personal name Branson, J. C.
245 ## - TITLE STATEMENT
Title Hotel, Hostel and Hospital Housekeeping
Statement of responsibility, etc /by Joan C. Branson and Margaret Lennox
250 ## - EDITION STATEMENT
Edition statement 5th ed.
260 ## - PUBLICATION, DISTRIBUTION, ETC. (IMPRINT)
Place of publication, distribution, etc London
Name of publisher, distributor, etc Hodder & Stoughton Educational
Date of publication, distribution, etc 1989
300 ## - PHYSICAL DESCRIPTION
Extent x,307p.
Dimensions 22cm.
942 ## - ADDED ENTRY ELEMENTS (KOHA)
Source of classification or shelving scheme Dewey Decimal Classification
Koha item type English Books
Classification part 647.94
Call number suffix BRA
Holdings
Withdrawn status Lost status Source of classification or shelving scheme Damaged status Not for loan Collection code Home library Current library Shelving location Date acquired Source of acquisition Cost, normal purchase price Total Checkouts Full call number Barcode Date last seen Cost, replacement price Price effective from Koha item type
    Dewey Decimal Classification     Non-fiction Patel Nagar Patel Nagar General Stacks 07/07/2018 BPPD/Pub 0.00   647.94 BRA B-079305 07/07/2018 0.00 07/07/2018 English Books

© Delhi Public Library
Hit Counter
free hit counter